[Event "Bunratty Masters op 16th"]
[Site "Bunratty"]
[Date "2009.02.22"]
[Round "6"]
[White "Osborne, Sam"]
[Black "Benson, Oisin P"]
[Result "1-0"]
[WhiteElo "2021"]
[BlackElo "1957"]
[PlyCount "57"]
[EventDate "2009.02.20"]
[EventType "swiss"]
[EventRounds "6"]
[EventCountry "IRL"]
[SourceTitle "CBM 128 Extra"]
[Source "ChessBase"]
[SourceDate "2009.03.05"]
[SourceVersion "2"]
[SourceVersionDate "2009.03.25"]
[SourceQuality "1"]

1. e4 c5 2. Nf3 d6 3. d4 cxd4 4. Nxd4 Nf6 5. Nc3 a6 6. Bg5 e6 7. f4 Be7 8. Qf3 Nbd7 9. 0-0-0 Qc7 10. g4 b5 11. Bxf6 Nxf6 12. a3 0-0 13. f5 e5 14. Nde2 d5 15. exd5 b4 16. axb4 Bb7 17. g5 e4 18. Qh3 Nd7 19. Nxe4 Bxb4 20. Rg1 Rac8 21. N2c3 Bxc3 22. Nxc3 Nc5 23. Rg4 Qa5 24. Bc4 Na4 25. Ne4 Rxc4 26. Nf6+ gxf6 27. gxf6+ Kh8 28. Rxc4 Nxb2 29. Qxh7+ 1-0

[Event "Bunratty Masters op 16th"]
[Site "Bunratty"]
[Date "2009.02.21"]
[Round "2"]
[White "Kilpatrick, Callum"]
[Black "Osborne, Sam"]
[Result "1-0"]
[WhiteElo "2211"]
[BlackElo "2021"]
[PlyCount "97"]
[EventDate "2009.02.20"]
[EventType "swiss"]
[EventRounds "6"]
[EventCountry "IRL"]
[SourceTitle "CBM 128 Extra"]
[Source "ChessBase"]
[SourceDate "2009.03.05"]
[SourceVersion "2"]
[SourceVersionDate "2009.03.25"]
[SourceQuality "1"]

1. e4 c5 2. Nf3 d6 3. d4 cxd4 4. Nxd4 Nf6 5. Nc3 a6 6. h3 e5 7. Nde2 h6 8. g4 Be6 9. Bg2 Nbd7 10. 0-0 Be7 11. Be3 b5 12. Ng3 g6 13. Qd2 Nb6 14. Bxh6 Nc4 15. Qc1 Rc8 16. Nd5 Bxd5 17. exd5 Nb6 18. Bg7 Rh7 19. Bxf6 Bxf6 20. Ne4 Be7 21. Qd1 f5 22. Ng3 Qd7 23. Qd3 Rf7 24. f4 e4 25. Nxe4 fxe4 26. Bxe4 Kd8 27. Bxg6 Rf8 28. Rae1 Rc5 29. Be4 Na4 30. b3 Rc3 31. Qd2 Rxh3 32. bxa4 Qxg4+ 33. Bg2 Rfh8 34. Qa5+ Kd7 35. Rxe7+ Kxe7 36. Qc7+ Kf6 37. Qxd6+ Kg7 38. Qe7+ Kg8 39. Qe6+ Qxe6 40. dxe6 Rc3 41. axb5 axb5 42. f5 Kf8 43. f6 Rg8 44. Rd1 Rc8 45. Kf1 Rg6 46. e7+ Ke8 47. Bc6+ Kf7 48. e8Q+ Rxe8 49. Bxe8+ 1-0

[Event "Le Touquet op-A"]
[Site "Le Touquet"]
[Date "2008.10.28"]
[Round "4"]
[White "Osborne, Sam"]
[Black "Benson, Oisin P"]
[Result "1-0"]
[WhiteElo "2017"]
[BlackElo "1910"]
[PlyCount "57"]
[EventDate "2008.10.25"]
[EventType "swiss"]
[EventRounds "9"]
[EventCountry "FRA"]
[SourceTitle "EXT 2009"]
[Source "ChessBase"]
[SourceDate "2008.11.26"]
[SourceVersion "1"]
[SourceVersionDate "2008.11.26"]
[SourceQuality "1"]

1. e4 c5 2. Nf3 d6 3. d4 cxd4 4. Nxd4 Nf6 5. Nc3 a6 6. Bg5 e6 7. f4 Be7 8. Qf3 Qc7 9. 0-0-0 Nbd7 10. g4 b5 11. Bxf6 Nxf6 12. g5 Nd7 13. f5 Bxg5+ 14. Kb1 Ne5 15. Qh5 Qe7 16. Nxe6 Bxe6 17. fxe6 g6 18. exf7+ Kxf7 19. Qe2 Kg7 20. Nd5 Qd8 21. Bh3 Ra7 22. Rhf1 Rf8 23. Rxf8 Qxf8 24. Rf1 Rf7 25. Nc7 Nc4 26. Ne6+ Kg8 27. Nxf8 Nd2+ 28. Ka1 Nxf1 29. Be6 1-0

[Event "Le Touquet op-A"]
[Site "Le Touquet"]
[Date "2008.10.26"]
[Round "2"]
[White "Osborne, Sam"]
[Black "Rigolot, Lucie"]
[Result "1-0"]
[WhiteElo "2017"]
[BlackElo "1741"]
[PlyCount "45"]
[EventDate "2008.10.25"]
[EventType "swiss"]
[EventRounds "9"]
[EventCountry "FRA"]
[SourceTitle "EXT 2009"]
[Source "ChessBase"]
[SourceDate "2008.11.26"]
[SourceVersion "1"]
[SourceVersionDate "2008.11.26"]
[SourceQuality "1"]

1. e4 c5 2. Nf3 d6 3. d4 cxd4 4. Nxd4 Nf6 5. Nc3 a6 6. Bg5 e6 7. f4 Nbd7 8. Qf3 Qc7 9. 0-0-0 b5 10. e5 Bb7 11. Qh3 dxe5 12. Nxe6 fxe6 13. Qxe6+ Be7 14. Bxb5 0-0-0 15. Qxe7 axb5 16. Nxb5 Qb6 17. Nd6+ Kb8 18. Nxb7 Qxb7 19. Rd3 Ka8 20. Ra3+ Kb8 21. Qd6+ Qc7 22. Ra8+ Kb7 23. Qa6# 1-0

[Event "Budapest FS07 FM-A"]
[Site "Budapest"]
[Date "2008.07.12"]
[Round "8"]
[White "Koczo, Kristof"]
[Black "Osborne, Sam"]
[Result "1-0"]
[WhiteElo "2212"]
[BlackElo "2005"]
[PlyCount "97"]
[EventDate "2008.07.05"]
[EventType "tourn"]
[EventRounds "13"]
[EventCountry "HUN"]
[SourceTitle "CBM 125 Extra"]
[Source "ChessBase"]
[SourceDate "2008.09.01"]
[SourceVersion "1"]
[SourceVersionDate "2008.09.01"]
[SourceQuality "1"]

1. d4 Nf6 2. c4 c5 3. d5 e6 4. Nc3 exd5 5. cxd5 d6 6. e4 g6 7. h3 Bg7 8. Bg5 0-0 9. Bd3 a6 10. a4 Nbd7 11. Nf3 Qe7 12. 0-0 Ne5 13. Nxe5 Qxe5 14. Be3 Rb8 15. f4 Qe7 16. Re1 Re8 17. Qd2 b6 18. e5 Nd7 19. e6 Nf8 20. f5 gxf5 21. Bg5 Qb7 22. exf7+ Qxf7 23. Rxe8 Qxe8 24. Rf1 b5 25. Bxf5 Bxf5 26. Rxf5 b4 27. Ne2 Qxa4 28. Bf6 Qd7 29. Ng3 Ng6 30. Qg5 Bxf6 31. Rxf6 Kh8 32. Nf5 Re8 33. Rxd6 Qf7 34. Rd8 Rxd8 35. Qxd8+ Qf8 36. Qg5 c4 37. d6 Ne5 38. Qf4 Nd7 39. g4 c3 40. Qxb4 cxb2 41. Qxb2+ Qf6 42. Qe2 Qa1+ 43. Kg2 Qe5 44. Qxa6 Qe4+ 45. Kg1 Qe1+ 46. Qf1 Qe4 47. Qa1+ Ne5 48. d7 Qd5 49. Qxe5+ 1-0

[Event "Budapest FS07 FM-A"]
[Site "Budapest"]
[Date "2008.07.09"]
[Round "5"]
[White "Osborne, Sam"]
[Black "Honsch, Pal"]
[Result "1-0"]
[WhiteElo "2005"]
[BlackElo "2049"]
[PlyCount "51"]
[EventDate "2008.07.05"]
[EventType "tourn"]
[EventRounds "13"]
[EventCountry "HUN"]
[SourceTitle "CBM 125 Extra"]
[Source "ChessBase"]
[SourceDate "2008.09.01"]
[SourceVersion "1"]
[SourceVersionDate "2008.09.01"]
[SourceQuality "1"]

1. e4 c5 2. Nf3 d6 3. d4 cxd4 4. Nxd4 Nf6 5. Nc3 a6 6. Bg5 e6 7. f4 b5 8. Qf3 Qb6 9. 0-0-0 Nbd7 10. f5 e5 11. Nb3 Bb7 12. Bxf6 Nxf6 13. g4 Rc8 14. h4 Qc7 15. Rh2 d5 16. Nxd5 Bxd5 17. exd5 e4 18. Re2 Be7 19. Qg2 Qf4+ 20. Kb1 Qxg4 21. Qxg4 Nxg4 22. d6 Nf6 23. dxe7 Kxe7 24. Bg2 Rhe8 25. Rde1 Red8 26. c3 1-0

[Event "EU-chT U18 6th"]
[Site "Balatonlelle"]
[Date "2006.07.12"]
[Round "1"]
[White "Rozum, Ivan"]
[Black "Osborne, Sam"]
[Result "1-0"]
[WhiteElo "2317"]
[BlackElo "1932"]
[PlyCount "104"]
[EventDate "2006.07.12"]
[EventType "team-swiss"]
[EventRounds "7"]
[EventCountry "HUN"]
[SourceTitle "EXT 2020"]
[Source "ChessBase"]
[SourceDate "2019.10.17"]
[SourceVersion "1"]
[SourceVersionDate "2019.10.17"]
[SourceQuality "1"]
[WhiteTeam "Russia U18"]
[BlackTeam "Ireland U18"]
[WhiteTeamCountry "RUS"]
[BlackTeamCountry "IRL"]

1. d4 d5 2. c4 c6 3. Nc3 Nf6 4. e3 e6 5. Nf3 Nbd7 6. Qc2 Bd6 7. b3 0-0 8. Be2 Re8 9. 0-0 b6 10. e4 dxe4 11. Nxe4 Nxe4 12. Qxe4 Bb7 13. Bb2 Nf6 14. Qc2 c5 15. Rad1 Qc7 16. Rfe1 Be4 17. Qc1 cxd4 18. Nxd4 Rad8 19. Qg5 h6 20. Qh4 Qb7 21. Bf3 Bxf3 22. Nxf3 Be7 23. Qf4 Rxd1 24. Rxd1 Rd8 25. Rxd8+ Bxd8 26. Ne5 Bc7 27. Qd4 Qe4 28. Qxe4 Nxe4 29. Nc6 a5 30. Bd4 Kf8 31. f3 Nc5 32. Nxa5 e5 33. Bxc5+ bxc5 34. Nc6 Ke8 35. Kf2 Kd7 36. Na7 f5 37. Ke3 h5 38. g3 g5 39. Nb5 Ba5 40. h3 Ke6 41. g4 hxg4 42. hxg4 fxg4 43. fxg4 Kd7 44. Ke4 Ke6 45. Na3 Bd2 46. Nc2 Kd6 47. Ne3 Ke6 48. Nd1 Bb4 49. Nf2 Bc3 50. Nd3 Kd6 51. Kf3 Bd4 52. a4 Bc3 1-0